Top 50 Indie Rock Albums - Statistics

General Stats
  • This quiz has been taken 220 times
  • The average score is 17 of 50
Answer Stats
Artist Album % Correct
#1: Neutral Milk Hotel In the Aeroplane Over the Sea
83%
#2: Pixies Doolittle
81%
#12: The Strokes Is This It
80%
#3: Arcade Fire Funeral
68%
#4: Pixies Surfer Rosa
65%
#5: Interpol Turn On the Bright Lights
63%
#8: Wilco Yankee Hotel Foxtrot
59%
#29: Arcade Fire The Suburbs
55%
#25: American Football American Football
54%
#7: Pavement Crooked Rain, Crooked Rain
53%
#9: The Microphones The Glow Pt. 2
53%
#13: Pavement Slanted and Enchanted
51%
#6: Modest Mouse The Lonesome Crowded West
47%
#42: Car Seat Headrest Twin Fantasy
45%
#19: Arcade Fire Neon Bible
44%
#18: The National Boxer
40%
#10: Modest Mouse The Moon & Antarctica
37%
#39: Pixies Bossanova
35%
#30: Elliott Smith Elliott Smith
35%
#31: Pavement Wowee Zowee
34%
#14: Dinosaur Jr. You're Living All Over Me
32%
#33: The National Alligator
29%
#21: Guided by Voices Bee Thousand
29%
#26: The Dismemberment Plan Emergency & I
29%
#11: Built to Spill Perfect from Now On
29%
#22: Red House Painters Red House Painters
29%
#23: Built to Spill Keep it Like a Secret
28%
#15: Yo La Tengo I Can Hear the Heart Beating as One
26%
#24: Broken Social Scene You Forgot it In People
26%
#28: Brand New The Devil and God Are Raging Inside Me
25%
#45: Modest Mouse This Is a Long Drive for Someone with Nothing to Think About
24%
#34: Yo La Tengo And Then Nothing Turned Itself Inside-Out
23%
#38: Deerhunter Halcyon Digest
22%
#46: Pavement Brighten the Corners
21%
#32: The National High Violet
21%
#37: Galaxie 500 On Fire
21%
#40: Duster Stratosphere
21%
#36: Guided by Voices Alien Lanes
20%
#47: Wilco Summerteeth
20%
#27: Fugazi The Argument
20%
#16: Unwound Leaves Turn Inside You
19%
#41: Sleater-Kinney The Woods
19%
#49: Deerhunter Microcastle / Weird Era Continued
18%
#35: Yo La Tengo Painful
16%
#48: The Mountain Goats All Hail West Texas
13%
#17: Red House Painters Down Colorful Hill
12%
#20: Low I Could Live in Hope
9%
#43: Carissa's Wierd Songs About Leaving
9%
#50: Songs: Ohia The Lioness
5%
#44: Stereolab ABC Music: The Radio 1 Sessions
1%
No matching quizzes found
Score Distribution
Percent of People with Each Score
Percentile by Number Answered
Your Score History
You have not taken this quiz